000 00391nam a2200133Ia 4500
008 231129s1981||||xx |||||||||||||| ||spa||
040 _bspa
082 _a382.09861 P695e
100 _aPizano Salazar Diego
245 0 _aLa expansion del comercio exterior de Colombia 1875-1925: Aspectos de la economia cafetera
260 _c1981
264 _aFondo Cultural Cafetero
942 _2ddc
_cBKS
999 _c17077
_d17077